| 000 | 00373nam a2200157Ia 4500 | ||
|---|---|---|---|
| 008 | 230711s9999||||xx |||||||||||||| ||und|| | ||
| 041 | _aENG | ||
| 082 |
_a5 _bSH-P |
||
| 100 | _aShah,M.B | ||
| 245 | 0 | _aProgramming in C++ | |
| 250 | _a1st | ||
| 260 |
_c2001 _aNew Delhi _bISTE Learing Material |
||
| 650 | _aComputer Engineering | ||
| 700 | _aThakur,Nivedita | ||
| 942 | _cBK | ||
| 999 |
_c3995 _d3995 |
||